Bundesliga Logos - Statistics

General Stats
  • This quiz has been taken 44 times
    22 since last reset
  • The average score is 12 of 18
Answer Stats
Picture Answer % Correct
Bayern Munich
100%
VfL Wolfsburg
100%
Borussia Dortmund
83%
Eintracht Frankfurt
78%
Union Berlin
78%
Bayer 04 Leverkusen
72%
Mönchengladbach
72%
RB Leipzig
72%
1. FC Köln
67%
SC Freiburg
67%
VfB Stuttgart
67%
SV Werder Bremen
61%
TSG Hoffenheim
61%
FC Augsburg
56%
FSV Mainz
56%
VfL Bochum
50%
1. FC Heidenheim
17%
Darmstadt 98
11%
No matching quizzes found
Score Distribution
Percent of People with Each Score
Percentile by Number Answered
Your Score History
You have not taken this quiz since the last reset